The memory of the eyes : pilgrims to living saints in Christian late antiquity /
المؤلف الرئيسي:
التنسيق: كتاب
اللغة: English
منشور في:
Berkeley, CA :
University of California Press,
c2000.
سلاسل:
The transformation of the classical heritage ;
30.
الموضوعات:
الوسوم: إضافة وسم
رقم الطلب: BR190 .H573 F73 2000
| LEADER | 01490namaa2200313 4500 | ||
|---|---|---|---|
| 001 | 11953 | ||
| 003 | OSt | ||
| 005 | 20240801111906.0 | ||
| 008 | 130303s2000 cau b 001 0 eng d | ||
| 952 | |0 0 |1 0 |2 lcc |4 0 |6 BR0190 H573 F73 02000 |7 1 |9 15754 |a ARCE |b ARCE |d 2021-06-02 |l 0 |o BR190 .H573 F73 2000 |p 1013661 |r 2021-06-02 00:00:00 |w 2021-06-02 |y BK | ||
| 999 | |c 12227 |d 12227 | ||
| 010 | |a 99056845 | ||
| 020 | |a 0520222059 | ||
| 040 | |c ARCE Library | ||
| 043 | |a f-ua--- | ||
| 050 | 4 | |a BR190 .H573 F73 2000 | |
| 100 | 1 | |a Frank, Georgia, |d 1963- |e author | |
| 245 | 1 | 4 | |a The memory of the eyes : |b pilgrims to living saints in Christian late antiquity / |c Georgia Frank. |
| 264 | 1 | |a Berkeley, CA : |b University of California Press, |c c2000. | |
| 300 | |a xiii, 219 pages ; |c 24 cm. | ||
| 490 | 1 | |a The transformation of the classical heritage ; |v 30. | |
| 504 | |a Includes bibliographical references (pages 183-210) and index. | ||
| 505 | 0 | |a 1. Pilgrims to the Living in Context 2. The Historia as Travelogue 3. Literary Paradigms for Pilgrimage to Holy People 4. Pilgrims and the Eye of Faith 5. Pilgrims and Ascetic Physiognomy 6. Pilgrims to the Living and the Memory of the Eyes | |
| 600 | 0 | 0 | |a Palladius, |c Bishop of Aspuna, |d -approximately 430. |t Lausiac history. |9 37250 |
| 650 | 0 | |a Christian pilgrims and pilgrimages |x History. | |
| 650 | 0 | |a Monasticism and religious orders |z Egypt |x History. | |
| 830 | 4 | |a The transformation of the classical heritage ; |v 30. | |
| 901 | |a reviewed | ||
| 942 | |c BK |2 lcc | ||
